00452nam a2200169Ia 4500003000900000008004100009040001600050080002200066100001900088245003500107260003300142300001600175650004100191650002200232650001800254650001000272IN-BaIIA211028s9999 xx 000 0 eng d cIIA Library a523.31-423.3bMEL aMelchior, Paul 4aThe Earth tidescPaul Melchior aOxfordbPergamon Pressc1966 axiii, 458p. aAstronomy and astrophysics thesaurus aAtmospheric tides aDarth - tides aTides